| 000 | 01000nam a2200277Ia 4500 | ||
|---|---|---|---|
| 003 | OSt | ||
| 005 | 20221005104323.0 | ||
| 006 | a|||||r|||| 00| 0 | ||
| 007 | ta | ||
| 008 | 221004b |||||||| |||| 00| 0 mar d | ||
| 020 |
_a9789352667185 (hbk) _cINR 500.00 |
||
| 024 | _a66407 | ||
| 037 |
_bGV726, 11/03/2020, Vani Prakashan _cTextual |
||
| 040 |
_aCRL _cCRL _bmar |
||
| 041 |
_2mar _amar |
||
| 082 | _aO155,3N49,YS, 152Q8 | ||
| 100 | _aबाबा भांड, ले. | ||
| 245 | 0 | _aयुगद्रष्टा सयाजीराव | |
| 246 | _aYugadraṣhṭā sayājīrāva | ||
| 260 |
_aदिल्ली _bप्रभात प्रकाशन भारत _c2018 |
||
| 300 |
_a247पृ0 _ccm. |
||
| 650 | _a मराठी साहित्य | ||
| 650 | _aमराठी कहानी | ||
| 942 |
_hO155,3N49,YS, 152Q8 _cTEXL _2cc |
||
| 999 |
_c1012356 _d1012356 |
||